000 01105naa a22003017u 4500
001 07429
003 HDC
007 cr bn ---aaaaa
008 210128s2012 flu eng
040 _aHDC
100 _aBouhallab, Saïd,
_eauthor
_97976
245 0 _aBIOACTIVE FOOD PROTEINS AND PEPTIDES: APPLICATIONS IN HUMAN HEALTH :
_bMineral-Binding Peptides from Food /
_cby Saïd Bouhallab and Dominique Bouglé
260 _aBoca Raton, FL :
_bCRC Press,
_c2012
300 _a14 pages
336 _atext
_2rdacontent
337 _acomputer
_2rdamedia
338 _aonline resource
_2rdacarrier
500 _aOriginal from book
650 _aDietary Proteins
_xmetabolism
_97968
650 _aDietary Proteins
_xtherapeutic use
_97966
650 _aFunctional Food
_94014
650 _aPeptides
_xmetabolism
_97969
650 _aPeptides
_xtherapeutic use
_97967
856 _zRequest full-text at [email protected]
942 _2lcc
942 _cCHAP
942 _kEBCH 000580
999 _c4752
_d4752